000 01516cam a2200277 4500
001 J2264
008 090401t1994 xxu||||| |||| 00| 0 eng d
035 _a(Sirsi) u48003
041 _aeng
050 _a333.330947
110 _aFederation International Des Geometres
245 _aLand matters in Central and Eastern Europe: report of a one day conference during the annual meeting of Commission 7, Cadastre and Rural Land Management, of the International Federation of Surveyors (FIG), 9th September 1993, Royal Agricultural College, Cirencester...
260 _aCirencester
_bRoyal Agricultural College
_c1994
300 _a63p. ; 30cm.
350 _a0
520 _aPapers:- Land reform & cadastre in the Baltic States/ TENKANEN, A. - Needs possible solutions in Hungary/ BOROCZ, A. - Land information needs in Poland/ HOPFER, A. - Development of land markets in Hungary/ MARKING, J. - Consultancy in Central and Eastern Europe/ HEYWOOD, M. - Education & training for valuation in Bulgaria/ COX, D. - Land management & valuation issues in Bulgaria: the land restitution context/ HAYWARD, R. - Planning in a changing context: Hungary post socialism/ REDDING, B. & PARSA, A. - Agricultural land management systems in Czechoslovakia/ GRIFFITHS, M.
650 _aBALTIC STATES
650 _aCENTRAL EUROPE
650 _aCOMMISSION VII
650 _aEASTERN EUROPE
650 _aLAND MANAGEMENT SYSTEMS
650 _aLAND REFORM
690 _aOVERSEAS-EUROPE
942 _n0
948 _c04/03/1997
999 _c92258
_d92258